000 00837cab a22002055a 4500
001 L138364
008 070601e2007 xxk f 100 0 eng d
035 _a(Sirsi) u138364
041 0 _aeng
100 1 _aDe Souza, Jeremy
245 0 0 _aWarning signs
260 _c2007
490 0 _aTaxation
_v159(4109) 31 May 2007, 602-604(3)
520 _aDiscusses some of the potential problems with the Stamp Duty Land Tax anti-avoidance rules. Reports that some of the wording is open to interpretation, that there will be increased liability as a result of the proposals, and that there will need to be a thorough review of property transactions on or after 6 December 2006.
590 _aKA
650 2 4 _aSTAMP DUTY LAND TAX
651 4 _aENGLAND AND WALES
690 _aPROPERTY-PROPERTY TAXATION-STAMP DUTY LAND TAX
942 _n0
999 _c107146
_d107146